Dans quels départements sont ces villes des Pays de La Loire ? - Statistiques

Statistiques générales
  • Ce quiz a été pris 48 fois
  • Le résultat moyen est 18 sur 23
Statistiques - réponses
Hint Réponse % Correct
Nantes Loire Atlantique
98%
Angers Maine et Loire
98%
La Roche sur Yon Vendée
98%
Saint Nazaire Loire Atlantique
95%
Les Sables d'Olonne Vendée
95%
Saint Herblain Loire Atlantique
93%
Rezé Loire Atlantique
93%
Laval Mayenne
93%
Le Mans Sarthe
88%
Cholet Maine et Loire
85%
Montaigu Vendée Vendée
83%
Carquefou Loire Atlantique
80%
Orvault Loire Atlantique
78%
Chemillé en Anjou Maine et Loire
78%
Saint Sébastien sur Loire Loire Atlantique
73%
Couëron Loire Atlantique
73%
Saumur Maine et Loire
73%
La Chapelle sur Erdre Loire Atlantique
71%
Bouguenais Loire Atlantique
68%
Vertou Loire Atlantique
66%
Challans Vendée
66%
Beaupréau en Mauges Maine et Loire
51%
Sèvremoine Maine et Loire
34%
Aucun quiz correspondant
Distribution des résultats
% des personnes avec chaque résultat
Percentile par nombre de réponses
Votre historique - résultats
Vous n’avez pas pris ce quiz